Loading...
| Science - Chemistry | 6 | 4 | 1 | 2 | 125 | 20 | 65.10 | 3 | 6 | 0.00 | 0.00 |
| Science - Physics | 4 | 4 | 2 | 0 | 90 | 44 | 72.50 | 2 | 6 | 0.00 | 0.00 |
| Science - Other | 1 | 5 | 0 | 0 | 65 | 32 | 79.17 | 3 | 3 | 0.00 | 0.00 |
| Fine Arts - Auditory | 1 | 3 | 0 | 0 | 45 | 72 | 105.00 | 0 | 2 | 0.00 | 0.00 |
| Science - Biology | 1 | 2 | 1 | 1 | 30 | 36 | 94.00 | 1 | 1 | 0.00 | 0.00 |
| Mythology | 0 | 2 | 0 | 1 | 20 | 87 | 114.50 | 0 | 2 | 0.00 | 0.00 |
| Literature - American | 1 | 0 | 0 | 0 | 15 | 47 | 47.00 | 1 | 1 | 0.00 | 0.00 |
| Fine Arts - Visual | 0 | 2 | 1 | 1 | 15 | 119 | 131.50 | 0 | 1 | 0.00 | 0.00 |
| Religion | 0 | 1 | 0 | 1 | 10 | 111 | 111.00 | 0 | 0 | 0.00 | 0.00 |
| History - European | 0 | 1 | 0 | 0 | 10 | 101 | 101.00 | 0 | 0 | 0.00 | 0.00 |
| Popular Culture | 0 | 0 | 0 | 0 | 0 | 0.00 | 0 | 0 | 0.00 | 0.00 |